| 000 | 01238cam a2200301 a 4500 | ||
|---|---|---|---|
| 001 | 1088480 | ||
| 005 | 20020703110716.0 | ||
| 008 | 920812s1998njua |rb 001 0 eng | ||
| 010 | _a 92029495 | ||
| 020 | _a013504135X (v. 2) | ||
| 020 | _a9780135041352 (v. 2) | ||
| 040 |
_aDLC _cDLC _dDLC |
||
| 050 | 0 | 0 |
_aTK5102.5 _b.K379 1993 |
| 082 | 0 | 0 |
_a621.3822 _222 _bKAY |
| 100 | 1 |
_aKay, Steven M., _d1951- _923314 |
|
| 245 | 1 | 0 |
_aFundamentals of Statistical Signal Processing. _cSteven M. Kay. _nV.2. _pDetection Theory / |
| 260 |
_aEnglewood Cliffs, N.J. : _bPrentice-Hall PTR, 1998 _c1998 |
||
| 300 |
_a560 p. : _bill. ; _c25 cm. |
||
| 490 |
_923313 _aPrentice Hall Signal Processing Series |
||
| 504 | _aIncludes bibliographical references and index. | ||
| 505 | 0 | _av. 1. Estimation theory -- v. 2. Detection theory. | |
| 650 | 0 |
_aSignal detection _xStatistical methods. _923315 |
|
| 650 | 0 |
_aEstimation theory. _923316 |
|
| 653 |
_bEle _cApril2011 |
||
| 942 |
_2ddc _cBB |
||
| 999 |
_c15174 _d15174 |
||